000 00351nam a2200157Ia 4500
005 20250423101143.0
008 250422s9999 xx 000 0 und d
020 _a0710090870
050 _aPN 1042 .B6/
100 _aBoulton, Marjorie
245 4 _aThe anatomy of poetry
260 _c1982
300 _a255 p
650 _aPoetics
942 _cBK
999 _c35454
_d35454